000
00338pam a2200157a 44500
008
230515b1998 xxu||||| |||| 00| 0 eng d
020
_a
NULL
041
_a
ENGL
082
_a
006.6 / YAI
100
_a
YAIHAWANT
245
_a
GRAPHICS UNDER C
250
_a
N.D.
260
_a
NULL
_b
B.P.B
_c
1998
300
_a
460 PB
650
_a
NULL
999
_c
631866
_d
631866